[Event "Chigorin Memorial 2016"]
[Site "St Petersburg RUS"]
[Date "2016.10.16"]
[Round "2.42"]
[White "Esipenko, Andrey"]
[Black "Ageichenko, Genadi A"]
[Result "1-0"]
[WhiteTitle "FM"]
[BlackTitle "IM"]
[WhiteElo "2490"]
[BlackElo "2261"]
[WhiteFideId "24175439"]
[BlackFideId "4105222"]
[EventDate "2016.10.15"]

1. Nf3 d5 2. g3 Nf6 3. Bg2 c6 4. O-O Bg4 5. d3 Nbd7 6. Nbd2 e5 7. e4 dxe4 8.
dxe4 Bc5 9. h3 Bxf3 10. Qxf3 O-O 11. Qe2 Ne8 12. Rd1 Nc7 13. h4 Ne6 14. c3 a5
15. Bh3 Re8 16. Nf3 Qc7 17. Kg2 Rad8 18. Bg5 Nxg5 19. hxg5 Nf8 20. Rh1 Qe7 21.
a3 a4 22. Qc2 b5 23. Qe2 Bb6 24. c4 Bd4 25. cxb5 cxb5 26. Qxb5 Rb8 27. Qxa4 Bxb2
28. Ra2 Ra8 29. Qc6 Bd4 30. a4 Ra5 31. Rb1 Rc5 32. Qa6 Rc7 33. a5 Ng6 34. Qb5
Ba7 35. Rd1 Rc5 36. Qa4 Rd8 37. a6 Rxd1 38. Qxd1 Qc7 39. Rb2 Rc1 40. Qd5 Bd4 41.
Nxd4 exd4 42. a7 1-0

[Event "Chigorin Memorial 2016"]
[Site "St Petersburg RUS"]
[Date "2016.10.16"]
[Round "2.43"]
[White "Kuzmin, Egor"]
[Black "Golubov, Saveliy"]
[Result "0-1"]
[WhiteTitle "FM"]
[BlackTitle "IM"]
[WhiteElo "2259"]
[BlackElo "2481"]
[WhiteFideId "24101737"]
[BlackFideId "24176729"]
[EventDate "2016.10.15"]

1. Nf3 Nf6 2. d4 g6 3. Bg5 Bg7 4. Nbd2 O-O 5. e4 d6 6. c3 c5 7. dxc5 dxc5 8. Bc4
Nc6 9. O-O Qc7 10. Qe2 h6 11. Be3 b6 12. h3 Nh5 13. Rfd1 e6 14. Rac1 Bb7 15. b4
cxb4 16. cxb4 Nxb4 17. e5 Bxe5 18. Bd5 Nxd5 19. Rxc7 Bxc7 20. Bd4 Nhf4 21. Qc4
Rac8 22. Qb3 Ne2+ 23. Kh1 Nxd4 24. Nxd4 Bb8 25. Ne4 Rfd8 26. Qf3 Be5 27. Ne2 Kg7
28. Qa3 Rc2 29. N2g3 a5 30. Qa4 Rdc8 31. Qd7 R2c7 32. Qb5 Rd8 33. h4 f5 34. Nd2
Rc5 35. Qd3 Bf6 36. Nb3 Rcc8 37. Qf3 Rc3 38. Rd3 Ne7 39. Nh5+ gxh5 40. Qg3+ Ng6
41. Rxd8 Rxg3 42. Rd7+ Ne7 43. fxg3 Bd5 0-1

[Event "Chigorin Memorial 2016"]
[Site "St Petersburg RUS"]
[Date "2016.10.16"]
[Round "2.44"]
[White "Abergel, Thal"]
[Black "Lesovoi, Evgenij"]
[Result "0-1"]
[WhiteTitle "GM"]
[WhiteElo "2475"]
[BlackElo "2261"]
[WhiteFideId "614890"]
[BlackFideId "24164135"]
[EventDate "2016.10.15"]

1. d4 Nf6 2. Nf3 e6 3. e3 c5 4. Bd3 Nc6 5. O-O d5 6. b3 Qc7 7. c4 dxc4 8. bxc4
Bd6 9. Nc3 a6 10. Bb2 O-O 11. Qe2 Bd7 12. Rfd1 Rac8 13. d5 Ne7 14. e4 Ng6 15. h3
Rfe8 16. Qc2 Ne5 17. Nxe5 Bxe5 18. Ne2 exd5 19. exd5 b5 20. d6 Qb6 21. Bxe5 Rxe5
22. Nc3 Rce8 23. cxb5 c4 24. Bxc4 Rc8 25. Qb3 Qc5 26. Bxf7+ Kf8 27. Rac1 Rf5 28.
Rf1 Qxd6 29. bxa6 Rb8 30. Qc4 Rb4 31. Rfd1 Qb6 32. Qe2 Kxf7 33. Rb1 Ra5 34. Qf3
Rxb1 35. Rxb1 Qxa6 36. Rb7 Qe6 37. a4 Rf5 38. Qd1 Qc6 39. Qb3+ Qe6 40. Qd1 Rc5
41. Ne2 Re5 42. Kf1 Rd5 43. Qc2 Qa6 44. Rc7 Kf8 45. Kg1 Qd6 46. Ng3 Rd1+ 47. Kh2
Rd2 48. Qc3 Rxf2 49. a5 Ra2 50. Rc4 Ra3 51. Qe1 Nh5 52. Qf2+ Kg8 53. Rd4 Qxg3+
54. Qxg3 Nxg3 55. Rxd7 Nf5 56. Ra7 Ra2 57. Kh1 h5 58. Ra8+ Kh7 59. Kg1 Nh4 60.
a6 Rxg2+ 61. Kf1 Ra2 62. a7 Ng6 63. Ke1 Nf4 0-1

[Event "Chigorin Memorial 2016"]
[Site "St Petersburg RUS"]
[Date "2016.10.16"]
[Round "2.45"]
[White "Polyaninov, Aleksey"]
[Black "Soffer, Ram"]
[Result "1/2-1/2"]
[WhiteTitle "FM"]
[BlackTitle "GM"]
[WhiteElo "2256"]
[BlackElo "2475"]
[WhiteFideId "4118499"]
[BlackFideId "2800101"]
[EventDate "2016.10.15"]

1. d4 Nf6 2. Nf3 d5 3. g3 Bf5 4. c4 e6 5. Nc3 dxc4 6. Bg2 Nc6 7. Qa4 Nd7 8. Qxc4
Nb6 9. Qb3 Be7 10. O-O O-O 11. Rd1 a5 12. a4 Nb4 13. e4 Bg4 14. Be3 c6 15. h3
Bxf3 16. Bxf3 Bg5 17. Bxg5 Qxg5 18. Na2 Qe7 19. Nxb4 Qxb4 20. Qxb4 axb4 21. b3
Ra5 22. d5 exd5 23. exd5 Nxd5 24. Bxd5 Rxd5 25. Rxd5 cxd5 26. Rd1 Rd8 27. Rd4
Kf8 28. Rxb4 Rd7 29. Kf1 Ke7 30. Rb6 Kd8 31. Ke2 Kc7 32. Rb4 Re7+ 33. Kd3 b6 34.
Rg4 f6 35. h4 g6 36. Rf4 f5 37. h5 Kc6 38. hxg6 hxg6 39. g4 fxg4 40. Rxg4 Re6
41. Kd4 Rf6 42. b4 Rxf2 43. Rxg6+ Kb7 44. b5 Rf4+ 45. Kxd5 Rxa4 46. Rg7+ Kb8 47.
Kc6 Rc4+ 48. Kxb6 Rc8 1/2-1/2

[Event "Chigorin Memorial 2016"]
[Site "St Petersburg RUS"]
[Date "2016.10.16"]
[Round "2.46"]
[White "Swayams, Mishra"]
[Black "Egorov, Pavel"]
[Result "1-0"]
[WhiteTitle "IM"]
[WhiteElo "2472"]
[BlackElo "2257"]
[WhiteFideId "5028183"]
[BlackFideId "24122637"]
[EventDate "2016.10.15"]

1. d4 Nf6 2. c4 g6 3. Nc3 d5 4. Nf3 Bg7 5. Bg5 Ne4 6. Bf4 Nxc3 7. bxc3 dxc4 8.
Qa4+ c6 9. Qxc4 O-O 10. e3 Nd7 11. Qb3 e5 12. Nxe5 Nxe5 13. Bxe5 Bxe5 14. dxe5
Qa5 15. f4 Qc5 16. Kf2 a5 17. Qc4 Qa3 18. Qb3 Qc5 19. Rd1 Be6 20. Qb2 b5 21. Be2
g5 22. Rd4 f6 23. exf6 Rxf6 24. g3 Bd5 25. Rhd1 Rh6 26. Kg1 Qe7 27. Qd2 Re8 28.
c4 bxc4 29. Bxc4 Bxc4 30. Rxc4 Qxe3+ 31. Qxe3 Rxe3 32. fxg5 Rhe6 33. Rd2 Re2 34.
Rxe2 Rxe2 35. a4 Ra2 36. h4 Kf7 37. Rxc6 Rxa4 38. Kg2 Rb4 39. Ra6 a4 40. Kh3 Kg7
41. h5 Rc4 42. Ra7+ Kg8 43. g4 Rc3+ 44. Kh4 Ra3 45. h6 Ra1 46. g6 hxg6 47. Kg5
Rb1 48. Kxg6 Rb6+ 49. Kh5 Rb5+ 50. g5 a3 51. h7+ Kh8 52. Kh6 1-0

[Event "Chigorin Memorial 2016"]
[Site "St Petersburg RUS"]
[Date "2016.10.16"]
[Round "2.47"]
[White "Kharchenko, Boris"]
[Black "Khalafova, Narmin"]
[Result "1/2-1/2"]
[WhiteTitle "GM"]
[BlackTitle "WIM"]
[WhiteElo "2464"]
[BlackElo "2256"]
[WhiteFideId "14113210"]
[BlackFideId "13402625"]
[EventDate "2016.10.15"]

1. d4 d5 2. Nf3 Nf6 3. Bf4 c5 4. e3 Nc6 5. Nc3 a6 6. dxc5 e6 7. Na4 Bxc5 8. Nxc5
Qa5+ 9. c3 Qxc5 10. Bd3 Qe7 11. Ne5 Nxe5 12. Bxe5 O-O 13. O-O Nd7 14. Bg3 e5 15.
f4 e4 16. Be2 Qc5 17. Qd2 f5 18. a4 Nb6 19. Qd4 Qxd4 20. exd4 Be6 21. b3 Rac8
22. Be1 Rc6 23. Kf2 Rfc8 24. Bd2 Nd7 25. Rfc1 Nf6 26. Ra2 Ne8 27. Ke3 Nd6 28.
Be1 Rb6 29. Ra3 Kf7 30. a5 Rbc6 31. Ra4 R6c7 32. Rb4 Ke8 33. Rb6 Rc6 34. Rxc6
Rxc6 35. Bh4 Kf7 36. Bd8 Nc8 37. Bh4 Nd6 38. Be1 Ke8 39. Bd2 Rc7 40. h3 Rc8 41.
g4 Kf7 42. g5 Ke8 43. h4 Kf7 44. h5 Ke8 45. Ra1 Bd7 46. Rc1 1/2-1/2

[Event "Chigorin Memorial 2016"]
[Site "St Petersburg RUS"]
[Date "2016.10.16"]
[Round "2.48"]
[White "Rakhmangulova, Anastasiya"]
[Black "Malakhov, Igor"]
[Result "0-1"]
[WhiteTitle "WIM"]
[BlackTitle "IM"]
[WhiteElo "2251"]
[BlackElo "2456"]
[WhiteFideId "14117479"]
[BlackFideId "4183088"]
[EventDate "2016.10.15"]

1. e4 c5 2. Nf3 e6 3. d4 cxd4 4. Nxd4 Nf6 5. Bd3 Nc6 6. Be3 e5 7. Nxc6 dxc6 8.
h3 Be6 9. Nd2 Bd6 10. Qe2 O-O 11. Nf3 Qe7 12. g4 Nd7 13. Ng5 Nc5 14. Nxe6 Nxe6
15. O-O-O b5 16. h4 Bc5 17. g5 Bxe3+ 18. fxe3 f6 19. g6 hxg6 20. Rdg1 Qf7 21.
Qg2 Rfd8 22. Be2 Nf8 23. Kb1 Rd6 24. Rh2 Rad8 25. Qh1 a6 26. Rhg2 c5 27. Qh2 c4
28. Qg3 Qb7 29. a4 Kh8 30. Qf3 c3 31. b3 bxa4 32. Bc4 axb3 33. cxb3 Rc8 34. Rxg6
Rxc4 35. Qh5+ Nh7 36. Kc1 c2 0-1

[Event "Chigorin Memorial 2016"]
[Site "St Petersburg RUS"]
[Date "2016.10.16"]
[Round "2.49"]
[White "Nasuta, Grzegorz"]
[Black "Grinblat, Artemiy"]
[Result "1-0"]
[WhiteTitle "IM"]
[WhiteElo "2454"]
[BlackElo "2241"]
[WhiteFideId "1141686"]
[BlackFideId "14135272"]
[EventDate "2016.10.15"]

1. e4 e6 2. d4 d5 3. Nc3 Nf6 4. e5 Nfd7 5. Nce2 c5 6. c3 Nc6 7. f4 b5 8. a3 a5
9. Nf3 b4 10. axb4 cxb4 11. g3 Be7 12. Bg2 O-O 13. O-O Nb6 14. g4 bxc3 15. bxc3
Nc4 16. Qc2 f6 17. exf6 Bxf6 18. Ng3 Qd6 19. Rf2 Ba6 20. Bf1 Qd7 21. g5 Bd8 22.
Bd3 g6 23. Bxg6 hxg6 24. Qxg6+ Kh8 25. Qh6+ Kg8 26. Qg6+ Kh8 27. Qh6+ Kg8 28.
Nh5 Rf7 29. g6 Rg7 30. Ne5 N4xe5 31. fxe5 Bd3 32. Rf8+ 1-0

[Event "Chigorin Memorial 2016"]
[Site "St Petersburg RUS"]
[Date "2016.10.16"]
[Round "2.50"]
[White "Stukalov, Alexander"]
[Black "Tsydypov, Zhamsaran"]
[Result "0-1"]
[WhiteTitle "FM"]
[BlackTitle "IM"]
[WhiteElo "2243"]
[BlackElo "2451"]
[WhiteFideId "4157486"]
[BlackFideId "4108566"]
[EventDate "2016.10.15"]

1. d4 Nf6 2. c4 c5 3. e3 g6 4. Nc3 Bg7 5. Bd3 O-O 6. Nge2 cxd4 7. exd4 d5 8. c5
Nc6 9. O-O b6 10. Na4 e5 11. Bb5 Bb7 12. Bg5 h6 13. Bh4 exd4 14. cxb6 axb6 15.
Nxd4 Nxd4 16. Qxd4 Ra5 17. Nc3 g5 18. Bg3 Ne4 19. Qb4 Nxg3 20. hxg3 d4 21. Rfd1
Qa8 22. Rxd4 Bxd4 23. Qxd4 Bxg2 24. Kh2 Bc6 25. Bc4 g4 26. Qxg4+ Rg5 27. Qh4 Bf3
28. g4 Rxg4 29. Rg1 Qb8+ 30. Rg3 Qf4 31. Nd5 Qxg3+ 32. Qxg3 Rxg3 33. Ne7+ Kg7
34. Kxg3 Kf6 35. Kxf3 Kxe7 36. b4 Rc8 37. Bd5 Kd6 38. Bb3 Ke5 39. Kg4 f5+ 40.
Kg3 Rc3+ 41. Kh4 Rf3 0-1

[Event "Chigorin Memorial 2016"]
[Site "St Petersburg RUS"]
[Date "2016.10.16"]
[Round "2.51"]
[White "Chernyak, Viktoria"]
[Black "Shevchenko, Kirill"]
[Result "0-1"]
[WhiteTitle "WFM"]
[BlackTitle "IM"]
[WhiteElo "2238"]
[BlackElo "2447"]
[WhiteFideId "24165956"]
[BlackFideId "14129574"]
[EventDate "2016.10.15"]

1. Nf3 Nf6 2. c4 e6 3. Nc3 b6 4. e4 Bb7 5. e5 Ne4 6. Be2 d6 7. Nxe4 Bxe4 8. d3
Bb7 9. exd6 cxd6 10. O-O d5 11. Bf4 Bd6 12. Qd2 O-O 13. Rac1 Nc6 14. d4 dxc4 15.
Bxc4 Ne7 16. Be2 Ng6 17. Bg5 Qb8 18. g3 Bd5 19. a3 Qb7 20. Ne1 Rac8 21. Nd3 Bf3
22. Be3 Bxe2 23. Qxe2 Qe4 24. f3 Qd5 25. Bf2 Ne7 26. Kg2 Qb5 27. Rxc8 Rxc8 28.
Rc1 Rxc1 29. Nxc1 Qc6 30. Nd3 Nd5 31. Ne5 Bxe5 32. dxe5 a5 33. Qd3 h5 34. h4 b5
35. Bd4 g6 36. Qd2 Qc4 37. b3 Qxb3 38. Qxa5 Qc2+ 39. Bf2 Ne3+ 40. Kg1 Qd1+ 41.
Kh2 Qe2 42. Qe1 Qxe1 43. Bxe1 Nc4 44. Bb4 Nxe5 45. Kg2 Nc6 46. Bc5 Kg7 47. Kf2
Kf6 48. Ke3 Ke5 49. Bf8 Kd5 50. Kf4 f6 51. g4 e5+ 52. Ke3 f5 53. gxf5 gxf5 54.
Kd3 Nd4 55. Ke3 Ne6 56. Be7 Nf4 57. Bf6 Kd6 58. Bd8 Ne6 59. Bf6 Nd4 60. Bg7 Ke6
61. Bf8 f4+ 62. Ke4 Nf5 63. Bb4 Nxh4 0-1

[Event "Chigorin Memorial 2016"]
[Site "St Petersburg RUS"]
[Date "2016.10.16"]
[Round "2.52"]
[White "Cherednichenko, Dmitrij"]
[Black "Lovkov, Roman"]
[Result "1/2-1/2"]
[WhiteTitle "FM"]
[BlackTitle "IM"]
[WhiteElo "2231"]
[BlackElo "2441"]
[WhiteFideId "44111436"]
[BlackFideId "4157389"]
[EventDate "2016.10.15"]

1. e4 c6 2. d4 d5 3. Nc3 dxe4 4. Nxe4 Bf5 5. Ng3 Bg6 6. h4 h6 7. Nf3 Nd7 8. h5
Bh7 9. Bd3 Bxd3 10. Qxd3 e6 11. Bd2 Ngf6 12. O-O-O Be7 13. Ne4 Nxe4 14. Qxe4 Nf6
15. Qe2 Qd5 16. c4 Qe4 17. Be3 Ng4 18. Qc2 Qxc2+ 19. Kxc2 O-O 20. Ne5 Nxe3+ 21.
fxe3 Rad8 22. e4 Bf6 23. Nf3 Rd7 24. Rd3 Kh7 25. Rhd1 Rc8 26. Kb3 Rcd8 27. Kc2
g6 28. g4 gxh5 29. gxh5 Rg8 30. e5 Bh8 31. d5 cxd5 32. cxd5 exd5 33. Rxd5 Rc7+
34. Kd3 Rg3 35. Ke4 Rh3 36. Rd7 Rc4+ 37. R1d4 Rxd4+ 38. Nxd4 Rh4+ 39. Kd5 Rxh5
40. Nf3 Kg6 41. Rxb7 f6 42. Rxa7 fxe5 43. Ke4 Rh1 44. a4 Rb1 45. Rb7 Ra1 46. b3
Kh5 47. Rb5 Kg4 48. a5 h5 49. b4 Bg7 50. Rb6 Bf8 51. Nxe5+ Kg3 52. Nd3 Bxb4 53.
Rg6+ Kh2 54. Nxb4 Rxa5 55. Nd5 h4 56. Ne3 Ra8 57. Kf3 Rf8+ 58. Ke2 Re8 59. Rf6
Ra8 60. Rf2+ Kg3 61. Rf3+ Kh2 62. Rf4 Kg3 63. Rg4+ Kh3 64. Rg5 Re8 65. Kf3 Rf8+
66. Nf5 Ra8 67. Nd4 Rf8+ 68. Ke2 Re8+ 69. Kf2 Ra8 70. Ne2 Ra2 71. Rg6 Rb2 72.
Rg1 Ra2 73. Rg8 Rb2 74. Re8 Kg4 75. Re4+ Kg5 76. Kg2 Ra2 77. Re8 Kg4 78. Kh1
Ra1+ 79. Kg2 1/2-1/2

[Event "Chigorin Memorial 2016"]
[Site "St Petersburg RUS"]
[Date "2016.10.16"]
[Round "2.53"]
[White "Kozionov, Kirill"]
[Black "Siagodnik, Anton"]
[Result "1-0"]
[WhiteTitle "IM"]
[BlackTitle "FM"]
[WhiteElo "2439"]
[BlackElo "2235"]
[WhiteFideId "24101729"]
[BlackFideId "13505963"]
[EventDate "2016.10.15"]

1. e4 e5 2. Nf3 Nf6 3. Nxe5 d6 4. Nf3 Nxe4 5. Bd3 Nf6 6. h3 Be7 7. O-O O-O 8. c3
d5 9. Bc2 Nbd7 10. d4 Ne4 11. Bf4 Bd6 12. Bxd6 Nxd6 13. Nbd2 c6 14. Ne5 Nxe5 15.
dxe5 Nf5 16. Nf3 Re8 17. Qd3 g6 18. g4 Ng7 19. Qd2 Qe7 20. Rae1 Bd7 21. Kg2 Rad8
22. Qh6 Ne6 23. Nh2 c5 24. f4 d4 25. f5 Bc6+ 26. Kg3 Qg5 27. Qxg5 Nxg5 28. cxd4
Rxd4 29. h4 Ne4+ 30. Bxe4 Bxe4 31. Nf3 Bxf3 32. Rxf3 Rd2 33. Rb3 b6 34. e6 Kg7
35. f6+ Kxf6 36. Rf3+ Kg7 37. Rxf7+ Kg8 38. Rxa7 Rxb2 39. Kf4 c4 40. Rc7 Rxa2
41. Kg5 Rh2 42. Rxc4 b5 43. Rc7 h5 44. Kxg6 hxg4 45. Rg7+ Kh8 46. Rh7+ Kg8 47.
Re5 Rf2 48. Rg7+ Kf8 49. e7+ Rxe7 1-0

[Event "Chigorin Memorial 2016"]
[Site "St Petersburg RUS"]
[Date "2016.10.16"]
[Round "2.54"]
[White "Kaganskiy, Gleb"]
[Black "Lobanov, Sergei"]
[Result "0-1"]
[WhiteTitle "FM"]
[WhiteElo "2226"]
[BlackElo "2432"]
[WhiteFideId "4132025"]
[BlackFideId "24183750"]
[EventDate "2016.10.15"]

1. e4 c5 2. Nf3 d6 3. Bb5+ Bd7 4. Bxd7+ Qxd7 5. c4 Nc6 6. d4 cxd4 7. Nxd4 Nf6 8.
Nc3 g6 9. b3 Bg7 10. Bb2 O-O 11. O-O a6 12. Nxc6 Qxc6 13. Nd5 Nxd5 14. exd5 Qd7
15. Bxg7 Kxg7 16. Re1 b5 17. Re4 Rfc8 18. Qd4+ Kg8 19. Rae1 Ra7 20. h4 h5 21. g4
hxg4 22. Rxg4 Rac7 23. h5 Rxc4 24. bxc4 Rxc4 25. Ree4 Rxd4 26. Rxd4 Qf5 27. hxg6
fxg6 28. Rge4 Qg5+ 29. Kf1 Kf7 30. Re3 a5 31. a3 Ke8 32. Ke2 Kd7 33. Rdd3 b4 34.
axb4 axb4 35. Rd4 Qf5 36. Rxb4 Qxd5 37. Rg4 Qb5+ 38. Ke1 Ke8 39. Reg3 Kf7 40.
Rf4+ Kg7 41. Rfg4 Qf5 42. Ke2 e5 43. Rc4 d5 44. Rcg4 d4 45. Ke1 Qc2 46. Kf1 Kf7
47. Rg5 Kf6 48. R5g4 g5 49. Rf3+ Ke6 50. Kg2 d3 51. Rxd3 Qxd3 52. Rxg5 Qe4+ 53.
Kg1 Qe1+ 54. Kg2 Kd5 55. Rg3 Kd4 56. Rh3 e4 57. Rg3 Qd1 58. Rh3 Qd3 59. Rg3 Kc3
60. Rh3 Kd2 0-1

[Event "Chigorin Memorial 2016"]
[Site "St Petersburg RUS"]
[Date "2016.10.16"]
[Round "2.55"]
[White "Usmanov, Vasily"]
[Black "Markovic, Vojislav"]
[Result "1-0"]
[WhiteTitle "IM"]
[BlackTitle "FM"]
[WhiteElo "2431"]
[BlackElo "2233"]
[WhiteFideId "4135741"]
[BlackFideId "904198"]
[EventDate "2016.10.15"]

1. d4 Nf6 2. c4 g6 3. Nc3 Bg7 4. e4 O-O 5. Bd3 d6 6. Nge2 e5 7. d5 Na6 8. O-O
Nc5 9. Bc2 a5 10. f3 c6 11. Be3 cxd5 12. cxd5 b6 13. a3 Bd7 14. b4 Na6 15. Rb1
axb4 16. axb4 b5 17. Bd3 Qb8 18. Qd2 Rc8 19. Rb2 Nh5 20. Rc1 f5 21. Na2 Nf4 22.
Rxc8+ Bxc8 23. Bb1 Nh5 24. Nac1 f4 25. Bf2 Bd7 26. Nb3 Qd8 27. Ra2 g5 28. h3 Nf6
29. Na5 Nb8 30. Nb7 Rxa2 31. Qxa2 Qc7 32. Nc5 h5 33. Nxd7 Nbxd7 34. Bd3 g4 35.
Bxb5 g3 36. Ba7 Bh6 37. Bc6 Nxe4 38. fxe4 f3 39. Nxg3 Nb6 40. Nf5 1-0

[Event "Chigorin Memorial 2016"]
[Site "St Petersburg RUS"]
[Date "2016.10.16"]
[Round "2.56"]
[White "Orlov, Konstantin"]
[Black "Gusain, Himal"]
[Result "0-1"]
[WhiteTitle "FM"]
[WhiteElo "2222"]
[BlackElo "2428"]
[WhiteFideId "906352"]
[BlackFideId "5033861"]
[EventDate "2016.10.15"]

1. d4 Nf6 2. c4 c5 3. d5 e6 4. Nc3 exd5 5. cxd5 d6 6. e4 g6 7. Nf3 Bg7 8. Be2
O-O 9. O-O Re8 10. Nd2 Nbd7 11. f4 a6 12. a4 c4 13. Bxc4 Nc5 14. e5 dxe5 15.
fxe5 Rxe5 16. Nf3 Re8 17. Bg5 Qb6 18. Kh1 Qxb2 19. Qc1 Qxc1 20. Raxc1 h6 21. Bf4
Bf5 22. Rfd1 Ng4 23. Kg1 g5 24. Bd6 Rac8 25. Nd4 Bd3 26. Nce2 Bxc4 27. Rxc4 Ne3
28. Rxc5 Rxc5 29. Bxc5 Nxd1 30. g4 Ne3 31. d6 Rd8 32. Kf2 Nxg4+ 33. Kf3 Ne5+ 34.
Ke4 b6 35. Bxb6 Rxd6 36. Bc5 Rd7 37. Ng3 Ng4 38. Ndf5 Nf6+ 0-1

[Event "Chigorin Memorial 2016"]
[Site "St Petersburg RUS"]
[Date "2016.10.16"]
[Round "2.57"]
[White "Sarana, Alexey"]
[Black "Saidov, Bilukhadzh"]
[Result "1-0"]
[WhiteTitle "IM"]
[WhiteElo "2427"]
[BlackElo "2230"]
[WhiteFideId "24133795"]
[BlackFideId "34165476"]
[EventDate "2016.10.15"]

1. d4 Nf6 2. c4 e6 3. Nf3 d5 4. Nc3 Nbd7 5. Bf4 dxc4 6. e3 b5 7. Nxb5 Bb4+ 8.
Nc3 Nd5 9. Rc1 Nxf4 10. exf4 Qf6 11. g3 O-O 12. Bxc4 Nb6 13. Bd3 Bb7 14. O-O
Rfd8 15. Ne4 Qe7 16. Qe2 f5 17. Nc3 Qd6 18. Ng5 Re8 19. Qh5 h6 20. Qf7+ Kh8 21.
Qxe8+ Rxe8 22. Nf7+ Kg8 23. Nxd6 cxd6 24. Nb5 Nd5 25. a3 Bd2 26. Rc2 Bxf4 27.
Nc7 1-0

[Event "Chigorin Memorial 2016"]
[Site "St Petersburg RUS"]
[Date "2016.10.16"]
[Round "2.58"]
[White "Yanchenko, Roman"]
[Black "Artamonov, Valery"]
[Result "1-0"]
[WhiteTitle "FM"]
[WhiteElo "2419"]
[BlackElo "2223"]
[WhiteFideId "4137329"]
[BlackFideId "24100480"]
[EventDate "2016.10.15"]

1. d4 Nf6 2. c4 e5 3. dxe5 Ng4 4. Nf3 Bc5 5. e3 Nc6 6. Be2 Ngxe5 7. O-O O-O 8.
Nc3 Nxf3+ 9. Bxf3 Ne5 10. Be4 d6 11. Na4 Qh4 12. Nxc5 dxc5 13. Qc2 Ng4 14. h3
Nf6 15. Bf3 Re8 16. b3 a5 17. Bb2 Ra6 18. Rad1 Qg5 19. Bxf6 Qxf6 20. Rd5 c6 21.
Rd2 Bxh3 22. Be4 Be6 23. Bxh7+ Kf8 24. Be4 Raa8 25. Bf3 g6 26. Rfd1 Kg7 27. a4
Rh8 28. Qb2 g5 29. Qxf6+ Kxf6 30. Be2 Ke7 31. f3 Rh4 32. Kf2 Rah8 33. e4 Rh2 34.
Bf1 Rh1 35. Bd3 R1h2 36. Ke3 Rd8 37. Bc2 Rb8 38. Bd3 Rd8 39. Bf1 Rxd2 40. Rxd2
Rh1 41. Kf2 g4 42. Bd3 gxf3 43. gxf3 Rh2+ 44. Ke3 Rxd2 45. Kxd2 Kd6 46. Ke3 f6
47. Be2 Bf7 48. Kf4 Be6 49. Bf1 Bd7 50. Bg2 Be6 51. Ke3 Bf7 52. Bh3 Ke5 53. Bg4
Kd6 54. f4 Bg8 55. Kf2 Bh7 56. Bf3 Bg6 57. Kg3 Ke7 58. Kh4 Kd6 59. Kg4 Ke7 60.
f5 Bf7 61. e5 fxe5 62. Kg5 b5 63. f6+ Kd6 64. Be2 bxa4 65. bxa4 e4 66. Kh6 Kd7
67. Kg7 Ke8 68. Bf1 Bh5 69. Bg2 1-0

[Event "Chigorin Memorial 2016"]
[Site "St Petersburg RUS"]
[Date "2016.10.16"]
[Round "2.59"]
[White "Nebolsina, Vera"]
[Black "Nguyen, Piotr"]
[Result "0-1"]
[WhiteTitle "WGM"]
[BlackTitle "IM"]
[WhiteElo "2219"]
[BlackElo "2418"]
[WhiteFideId "4163591"]
[BlackFideId "1127993"]
[EventDate "2016.10.15"]

1. Nf3 g6 2. g3 Bg7 3. Bg2 c5 4. c4 Nc6 5. Nc3 e5 6. d3 Nge7 7. Nd2 O-O 8. Nf1
a6 9. Ne3 Rb8 10. a4 d6 11. Ned5 Nxd5 12. Nxd5 Bd7 13. h4 b5 14. cxb5 axb5 15.
axb5 Rxb5 16. h5 Ra5 17. Rxa5 Qxa5+ 18. Bd2 Qa2 19. Nb6 Be8 20. hxg6 hxg6 21.
Qc1 Ne7 22. Nc4 d5 23. Ne3 Ba4 24. Ng4 Rb8 25. O-O Qxb2 26. Qxc5 Qxd2 27. Qxe7
Re8 28. Nf6+ Bxf6 29. Qxf6 e4 30. Qa1 Bc2 31. Qa2 Qxe2 32. dxe4 dxe4 33. Rc1 Bd3
34. Qxe2 Bxe2 35. Re1 Bd3 36. Re3 f5 37. f3 Kf7 38. fxe4 Bxe4 39. Ra3 Kf6 40.
Bxe4 Rxe4 41. Kf2 Rc4 42. Kf3 Kg5 43. Rb3 Re4 44. Rc3 Ra4 45. Rb3 Kh5 46. Rb5
Ra3+ 47. Kg2 Kg5 48. Kf2 Kh5 49. Rc5 Rd3 50. Ra5 Kg4 51. Ra4+ Kg5 52. Ra5 Rd4
53. Kf3 Kf6 54. Ra6+ Kf7 55. Ra7+ Ke6 56. Ra6+ Kf7 57. Ra7+ Kf6 58. Ra6+ Kg7 59.
Ra7+ Kh6 60. Ra6 Re4 61. Rb6 Kg7 62. Ra6 Kf7 63. Rb6 g5 64. Ra6 Re6 65. Ra5 Kf6
66. Rb5 Rd6 67. Rb3 Rd5 68. Ra3 Rd2 69. Ke3 Rd5 70. Kf3 Rb5 71. Rc3 Ke5 72. Ra3
Rc5 73. Rb3 Kd4 74. Rb4+ Rc4 75. Rb5 Rc3+ 76. Kf2 Rc2+ 77. Kg1 Ke4 78. g4 f4 79.
Rxg5 Kf3 80. Ra5 Kg3 81. Ra1 f3 82. g5 Rg2+ 83. Kf1 Rh2 0-1

[Event "Chigorin Memorial 2016"]
[Site "St Petersburg RUS"]
[Date "2016.10.16"]
[Round "2.60"]
[White "Sadovsky, Artem"]
[Black "Paramzina, Anastasya"]
[Result "1-0"]
[BlackTitle "WFM"]
[WhiteElo "2414"]
[BlackElo "2221"]
[WhiteFideId "4155840"]
[BlackFideId "4165012"]
[EventDate "2016.10.15"]

1. e4 c5 2. Nf3 d6 3. c3 Nf6 4. h3 g6 5. Bd3 Bg7 6. Bc2 e5 7. O-O O-O 8. d3 Nc6
9. Be3 Re8 10. Nbd2 b6 11. Re1 Bb7 12. d4 exd4 13. cxd4 cxd4 14. Nxd4 Nxd4 15.
Bxd4 d5 16. e5 Nd7 17. Nf3 Nc5 18. Qd2 Ne4 19. Qf4 Qe7 20. Rad1 h6 21. h4 Rac8
22. Bb1 Rc7 23. Nh2 h5 24. Nf3 Rc4 25. b3 Rc7 26. e6 f6 27. Nd2 f5 28. Nf3 Rc6
29. Bxg7 Qxg7 30. Bxe4 fxe4 31. Ng5 Rc2 32. Qf7+ 1-0

[Event "Chigorin Memorial 2016"]
[Site "St Petersburg RUS"]
[Date "2016.10.16"]
[Round "2.61"]
[White "Nesterov, Arseniy"]
[Black "Korchmar, Vasiliy"]
[Result "1/2-1/2"]
[BlackTitle "IM"]
[WhiteElo "2214"]
[BlackElo "2412"]
[WhiteFideId "24198455"]
[BlackFideId "24131750"]
[EventDate "2016.10.15"]

1. d4 Nf6 2. c4 e6 3. Nc3 Bb4 4. e3 O-O 5. Bd3 d5 6. a3 Bxc3+ 7. bxc3 c6 8. cxd5
cxd5 9. Nf3 b6 10. Qe2 Bb7 11. O-O Qc8 12. c4 dxc4 13. Bxc4 Ba6 14. Bxa6 Qxa6
15. Qxa6 Nxa6 16. Bd2 Rfc8 17. Rfc1 Ne4 18. Kf1 Kf8 19. Ke2 Nxd2 20. Nxd2 Ke7
21. e4 f6 22. f4 Rc7 23. Kd3 Rac8 24. Rxc7+ Rxc7 25. Nf3 Nb8 26. g4 Nc6 27. g5
f5 28. exf5 exf5 29. Re1+ Kd6 30. Ne5 Na5 31. g6 hxg6 32. Nxg6 Nc4 33. Nh4 Nb2+
34. Kd2 Nc4+ 35. Kd3 Nb2+ 36. Kd2 Nc4+ 37. Kd3 Nb2+ 38. Kd2 Nc4+ 39. Kd3 Nb2+
40. Kd2 Nc4+ 41. Kd3 1/2-1/2